1828 1113 1624 1682 1094 1616 1900 1470 1006 1956 1788 1781 1826 1649 1181 1176 1285 1122 1112 1294 1397 1312 1398 1700 1157 1859 1508 1670 1188 1591 1444 1378 1057 1638 1305 1378 1842 1999 1474 1646 1353 1576 1143 1195 1564 1701 1555 1737 1580 1784 1307 1587 1853 1389 1283 1958 1539 1498 1779 1013 1480 1351 1794 1648 1464 1258 1593 1921 1431 1771 1344 1351 1260 1565 1543 1382 1293 1058 1822 1460 1137 1056 1564 1174 1286 1709 1673 1514 1909 1973 1658 1474 1088 1036 1238 1196 1214 1104 1229 BCNSPRNW ULIB Ver.6.0+V

เปลี่ยนเป็นภาษาไทย

Change to English
 แสดงรายละเอียดบรรณานุกรม
  กลับหน้าหลัก

Brief Record : Get Marc (ISO 2709) : E-mail record : QR code < ปิดหน้าต่าง
LEADER : 00000nam 2200000uu 4500
001    13399120405
003     ULIB
008    120919s2549||||th 000 0 tha d
020    ^a9749944356
060 04 ^aWA525^bอ863ก 2549
100 0  ^aอุษณีย์ เพชรรัชตะชาติ
245 10 ^aการสร้างเสริมสุขภาพครอบครัวไทย /^cอุษณีย์ เพชรรัชตะชาติ
250    ^aพิมพ์ครั้งที่ 1
260    ^aสงขลา :^bคณะพยาบาลศาสตร์ มหาวิทยาลัยสงขลานครินทร์,^c2549
300    ^aก-ฉ, 125 หน้า :^bภาพประกอบ ;^c28 ซม.
536    ^aได้รับทุนสนับสนุนจากมหาวิทยาลัยสงขลานครินทร์ อันดับที่ 16/2548
650  7 ^aการส่งเสริมสุขภาพ
650  7 ^aครอบครัว
710 2  ^aมหาวิทยาลัยสงขลานคินทร์. :bคณะพยาบาลศาสตร์
945    ^p150^l0^i24590
945    ^p150^l0^i24591
995    ^a กัณชพร
999 ^a ใช้งานได้ทุกระบบ
รายการนี้ยังไม่มีแท็ก
คุณยังไม่ได้ล็อกอิน คุณสามารถมีกิจกรรมร่วมกับเว็บไซต์ได้ แต่ต้องล็อกอินก่อน ::
  ล็อกอิน

รายการสื่อสารสนเทศ

ลำดับที่ ประเภท เลขเรียก/บาร์โค้ด สถานที่ สถานะ
1. วิทยาศาสตร์การแพทย์ และสุขภาพ
วิทยาศาสตร์การแพทย์ และสุขภาพ
WA525 อ863ก 2549  
  Barcode: 24591
ห้องสมุดวิทยาเขตสวรรค์ประชารักษ์
►หนังสือทั่วไป
บนชั้น
2. วิทยาศาสตร์การแพทย์ และสุขภาพ
วิทยาศาสตร์การแพทย์ และสุขภาพ
WA525 อ863ก 2549  
  Barcode: 24590
ห้องสมุดวิทยาเขตนครสวรรค์
►หนังสือทั่วไป:l:General Books
บนชั้น

รายการใกล้เคียง
    หัวเรื่อง [การส่งเสริมสุขภาพ]
    หัวเรื่อง [ครอบครัว]

BibComment


ยังไม่เคยถูกคอมเมนท์

คอมเมนท์ทรัพยากรรายการนี้
  คอมเมนท์: การสร้างเสริมสุข..


 Copyright 2026. Bcnsprnw @Library